| 000 | 00627nam a2200217 u 4500 | ||
|---|---|---|---|
| 005 | 20210223132951.0 | ||
| 008 | 160606s2006 es r 000 0 spa d | ||
| 020 | _a8430553193 | ||
| 035 | _aUPN01000211138 | ||
| 049 | _aI | ||
| 050 | 4 |
_aDF214 _bP4.4 |
|
| 100 | 1 |
_aPeach, Susan _939100 |
|
| 245 | 1 | 4 |
_aLos griegos / _cSusan Peachh y Anne Millard ; il. lan Jackson. |
| 260 |
_aMadrid : _bSusaeta, _c[2006]. |
||
| 300 |
_a96 p. : _bil. col. |
||
| 440 | 0 | _aCómo vivían | |
| 651 | 4 |
_aGRECIA - _xHISTORIA - _vLITERATURA INFANTIL _911371 |
|
| 700 | 1 |
_aMillard, Anne, _ecoaut. _939078 |
|
| 905 | _aInfantil | ||
| 999 |
_c183239 _d183239 |
||